FRA-Duques de Nevers - Estadísticas

Estadísticas generales
  • Esta prueba ha sido intentada 2 veces
  • La puntuación promedio es 6 de 11
Estadísticas de respuestas
Período Nombre % Correcto
1595-1637 Carlos III
100%
1637-1659 Carlos IV
100%
1661-1707 Felipe Julio
100%
1707-1768 Felipe Julio Francisco
100%
1539-1561 Francisco I
50%
1561-1563 Francisco II
50%
1566-1595 Luis IV
50%
1768-1789 Luis Julio
50%
1659-1661 Cardenal Mazarino
0%
1564-1601 Enriqueta
0%
1563-1564 Santiago
0%
No se encontraron pruebas coincidentes
Distribución de puntuación
Porcentaje de gente con cada puntuación
Porcentaje por número respondido
Historial de tus puntuaciones
No has intentado esta prueba.